Contemporary psychology and effective behavior /

Сохранить в:
Библиографические подробности
Главный автор: James, Coleman
Другие авторы: Charles G Morris
Формат:
Язык:английский
Опубликовано: Illinois : Scott,Foresman, c1987.
Редактирование:6th ed.
Предметы:
Метки: Добавить метку
Нет меток, Требуется 1-ая метка записи!

MARC

LEADER 00000cam a22000002 4500
001 0000032614
005 20171103020007.0
008 060816s xx 000 0 eng d
020 |a 0673184560 
040 |a Daystar  |d COnyango 
050 0 0 |a BF121  |b .C58 
100 1 |a James, Coleman. 
245 1 0 |a Contemporary psychology and effective behavior /  |c Coleman James. 
250 |a 6th ed. 
260 |a Illinois :  |b Scott,Foresman,  |c c1987. 
300 |a 563. 
504 |a Includes bibliographical references and index. 
650 0 |a Psychology. 
700 1 |a Charles G Morris. 
908 |a 060816 
942 |c G  |0 1 
952 |0 0  |1 0  |4 0  |6 BF_121_000000000000000_C58  |7 0  |9 74859  |a DUN  |b DUN  |c GC  |d 2017-09-28  |l 0  |o BF121.C58  |p BK024260  |r 2017-09-28 00:00:00  |w 2017-09-28  |x 40646  |y G 
952 |0 0  |1 0  |4 0  |6 BF_121_000000000000000_C58  |7 0  |9 74860  |a DUN  |b DUN  |c GC  |d 2017-09-28  |l 1  |o BF121.C58  |p BK024259  |r 2017-11-14 00:00:00  |s 2017-11-02  |t c.2  |w 2017-09-28  |x 40647  |y G 
989 |a 1481627877 
999 |c 38608  |d 38608